00565nam a2200157Ia 4500008004000000082001300040100001800053245006600071260004400137300000800181650002600189690002600215906001100241999001700252952013800269210210b1986 xxu||||| |||| 00| 0 eng d a350 BASP aBASU (Rumki). aPublic administration: an introduction to concept & theories. aNDbSterling Publishers Pvt. Ltd.c1986 a298 aPublic administration aPublic Administration a042699 c92370d92370 001040708Political ScienceaALbALcPolitical Scienced2021-02-17g27.50l0o350 BASPp042699r2021-02-17 00:00:00w2021-02-17yBK